Yakuza General Knowledge #1 - Statistics

General Stats
  • This quiz has been taken 80 times
  • The average score is 7 of 12
Answer Stats
Hint Answer % Correct
When did the first yakuza game release ? 2005
88%
Who is Majima's sworn brother Taiga Saejima
80%
How old is Kiryu at the beginning of yakuza 1 ? 27
74%
What is the name of the baseball you play as in yakuza 5 ? Tatsou Shinada
67%
Im not gonna sugar coat it ??? tiger drop
67%
What is the name of the orphanage that Kiryu was raised in ? sunflower orphanage
58%
How long did Ichiban stay in prison 18 years
53%
Who is known as the the Yakuza huntress kaoru Sayama
45%
What family was nishiki apart of ? the dojima family
44%
Who is The Parasite of Kamurocho ? Masayoshi Tanimura
41%
Where is Kiryu originally from ? Yokohama
35%
"This is the end of the line for you Kazuma Kiryu" who says this this qoute ? Andre Richardson
30%
No matching quizzes found
Score Distribution
Percent of People with Each Score
Percentile by Number Answered
Your Score History
You have not taken this quiz